Beyond change management how to achieve breakthrough results through conscious change leadership

Saved in:
Bibliographic Details
Main Author: Anderson, Dean
Other Authors: Anderson, Linda Ackerman
Format: Book
Language:English
Published: San Francisco Pfeiffer 2010
Edition:2nd ed.
Subjects:
Tags: Add Tag
No Tags, Be the first to tag this record!

MARC

LEADER 00000nam a2200000 4500
001 0143452
005 20240306135540.0
020 |a 978-0-470-64808-7 
041 0 |a eng 
044 |a US 
245 1 0 |a Beyond change management  |b how to achieve breakthrough results through conscious change leadership  |c Dean Anderson, Linda Ackerman Anderson 
250 |a 2nd ed. 
264 1 |a San Francisco  |b Pfeiffer  |c 2010 
300 |a xxiii, 288 s. 
610 2 0 |a manažment 
610 2 0 |a manažment inovačný 
610 2 0 |a riadenie 
610 2 0 |a vodcovstvo 
100 1 |a Anderson, Dean 
700 1 |a Anderson, Linda Ackerman